| 000 | 00740nam a2200229 a 4500 | ||
|---|---|---|---|
| 003 | MX-MxUPN | ||
| 005 | 20250620102024.0 | ||
| 008 | 991125s1913 fr 000 0 fre u | ||
| 035 | _aUPN01000004498 | ||
| 040 |
_aMX-MxUPN _bspa _cMX-MxUPN |
||
| 041 | 0 | _afre | |
| 050 | 1 | 4 |
_aLC4601 _bN32 |
| 100 | 1 |
_aNathan, Marcel _952696 |
|
| 100 | 1 |
_aDurot, Henri _952697 |
|
| 245 | 1 | 4 |
_aLes arriérés scolaires : _bconférences médico-pedagogiques |
| 260 |
_aParís : _bF. Nathan, _c1913. |
||
| 300 | _a360 páginas | ||
| 650 | 4 |
_aNiños con discapacidad _xEducación _91549 |
|
| 650 | 4 |
_aNiños con discapacidad mental _93820 |
|
| 710 | 2 |
_aInstituto Nacional de Investigación Educativa (México) _epropietario anterior _928086 |
|
| 942 |
_2lcc _cLIBRO |
||
| 999 |
_c4498 _d4498 |
||